[Event "12th KIIT International 2019"]
[Site "Odisha"]
[Date "2019.06.01"]
[Round "2.1"]
[White "Iturrizaga Bonelli, Eduardo"]
[Black "Panigrahi, Manoj Kumar"]
[Result "1-0"]
[WhiteElo "2637"]
[BlackElo "2012"]
[Annotator "TA"]
[PlyCount "111"]
[EventDate "2019.01.18"]
[EventType "swiss"]
[EventCountry "IND"]
[SourceTitle "playchess.com"]
[Source "ChessBase"]
[SourceQuality "1"]

{[%evp 18,111,21,15,57,58,66,57,77,61,64,45,50,48,60,66,152,162,226,223,233,231,220,221,227,233,228,218,204,208,195,185,192,145,145,147,141,142,148,146,153,155,155,148,163,156,164,164,166,166,166,166,170,144,185,175,175,155,165,165,182,119,129,114,120,93,108,73,88,56,79,86,86,83,84,72,112,84,121,133,163,139,142,147,245,243,228,233,231,224,402,416,406,384,348,277]} 1. c4 Nf6 2. Nc3 g6 3. g3 Bg7 4. Bg2 O-O 5. d4 d6 6. e4 e5 7. Nge2 Nc6 {[%cal Bb8c6,Bc6d4,Bd4e2][%mdl 32]} 8. d5 Nd4 9. O-O Nxe2+ 10. Qxe2 c6 {E72: King's Indian: 4 e4 d6 5 g3} (10... Kh8 11. Rb1 Bg4 12. f3 Bd7 13. b4 Ng8 14. a4 f5 15. exf5 gxf5 16. Bd2 Ne7 17. a5 Ng6 18. b5 {½-½ (74) Iturrizaga Bonelli,E (2637)-Guseinov,G (2664) chess.com INT 2019}) 11. dxc6 bxc6 12. Rd1 Qe7 {White is slightly better.} 13. b3 Bg4 $146 ({Predecessor:} 13... Rd8 14. Ba3 Bg4 15. Bf3 Be6 16. Rd3 Qc7 17. Rad1 Qa5 18. Bb2 {½-½ (40) Prang,E (2249)-Bellia,F (2333) Arco 1999}) 14. Bf3 (14. f3 {is more complex.} Be6 15. Ba3 Rfd8 16. Rd3 Qc7 17. Rad1) 14... Bxf3 15. Qxf3 Ne8 16. Ba3 Rc8 {[#]} ({Better is} 16... c5 $14) 17. c5 $1 $16 dxc5 (17... d5 $142) 18. Qe3 $18 Nc7 19. Bxc5 {[%mdl 64] Double Attack} Qf6 20. Bxf8 ({Don't take} 20. Bxa7 $6 Ne6 $16) 20... Bxf8 21. Rac1 Ne6 22. Nd5 Qd8 23. Nf4 Nd4 24. Ne2 {[%cal Re2d4]} Ba3 25. Nxd4 Bxc1 26. Qxc1 exd4 {[%mdl 4096] Endgame KQR-KQR} 27. Qc5 $1 {[%csl LRa7,LRd4][%mdl 64] Double Attack} d3 28. Qc3 Qe7 29. Qxd3 Re8 30. f3 Qa3 31. Rd2 h5 32. Kg2 Re6 33. Qd8+ Kg7 34. Qd4+ Kh7 35. f4 Qc1 {intending ...Rxe4.} 36. e5 a5 37. Rf2 Qb1 38. Re2 Kg7 39. Qb2 ({White should play} 39. Qc3 $18) 39... Qd3 $16 40. Qd2 Qb5 41. Re4 c5 42. Qe2 Qd7 43. Qf3 Re7 44. h3 Qd2+ 45. Re2 Qd1 46. Rf2 $36 {[%mdl 2048] Keeping Black busy.} Qe1 47. Qe2 Qb1 48. Qc2 Qe1 {[#]} 49. Re2 $1 {[%cal Re2e1]} ({Much less strong is} 49. Qxc5 Rd7 $16) 49... Qb4 50. f5 Qb7+ (50... Re8 $16 51. fxg6 fxg6) 51. Kh2 $18 {Threatens to win with f6+.} Kh7 52. fxg6+ fxg6 53. Qxc5 h4 $2 (53... Rf7 {might work better.} 54. Qg1 Qb5) 54. gxh4 Rf7 55. Qd4 Qf3 56. Qg4 {Accuracy: White = 69%, Black = 58%.} 1-0

[Event "12th KIIT International 2019"]
[Site "Odisha"]
[Date "2019.06.01"]
[Round "2.2"]
[White "Jyotsna, Malik"]
[Black "Amonatov, Farrukh"]
[Result "0-1"]
[WhiteElo "1218"]
[BlackElo "2624"]
[Annotator "TA"]
[PlyCount "33"]
[EventDate "2019.01.18"]
[EventType "swiss"]
[EventCountry "IND"]
[SourceTitle "playchess.com"]
[Source "ChessBase"]
[SourceQuality "1"]

{[%evp 2,2,29]} 1. d4 Nf6 {Predecessor:} 2. c4 $146 e6 3. Nf3 d5 4. Nc3 dxc4 5. e4 Bb4 6. Bg5 c5 7. Bxc4 cxd4 8. Nxd4 Bxc3+ 9. bxc3 Qa5 10. Bd2 O-O 11. Qe2 e5 12. Nb3 Qc7 13. O-O Bg4 14. f3 Rc8 15. Bd5 Nxd5 16. exd5 Bh5 17. c4 {1-0 (38) Carlsen,M (2845)-Aronian,L (2763) Karlsruhe/Baden Baden 2019} 0-1

[Event "12th KIIT International 2019"]
[Site "Odisha"]
[Date "2019.06.01"]
[Round "2.4"]
[White "Parthasarathy R"]
[Black "Turov, Maxim"]
[Result "0-1"]
[WhiteElo "1345"]
[BlackElo "2579"]
[Annotator "TA"]
[PlyCount "36"]
[EventDate "2019.01.18"]
[EventType "swiss"]
[EventCountry "IND"]
[SourceTitle "playchess.com"]
[Source "ChessBase"]
[SourceQuality "1"]

{[%evp 9,36,17,17,17,17,17,17,18,18,18,18,18,9,14,21,-22,-8,-6,25,0,35,-22,-60,-72,0,-69,-24,-78,16]} 1. e4 c6 2. Nc3 d5 3. Nf3 Nf6 4. e5 Ne4 5. Ne2 Qb6 {[%csl Ge4][%cal Rb6f2] [#]} 6. d4 {B11: Caro-Kann: Two Knights Variation} e6 7. c3 $146 (7. Ng3 c5 8. Bd3 Nxg3 9. hxg3 cxd4 10. Ng5 Nc6 11. Nxh7 Bd7 12. Qe2 O-O-O 13. O-O {0-1 (30) Mamedov,R (2703)-Piorun,K (2634) St Petersburg 2018}) ({Predecessor:} 7. Ng3 c5 8. Bd3 Nxg3 9. hxg3 Nc6 {1-0 (43) Ozer,O (2369)-Arat,U (2368) Istanbul 2019}) 7... c5 8. Ng3 {The position is equal.} Nc6 9. Bd3 Nxg3 10. hxg3 cxd4 11. cxd4 Bd7 12. Bb1 Bb4+ 13. Kf1 Be7 14. Kg1 O-O-O 15. Be3 (15. Bxh7 $14 g6 16. Rb1) 15... Qxb2 $11 16. Bxh7 Nb4 (16... g6 $17) 17. Qf1 ({White should try} 17. Bg5 $11 Nc6 18. Bxe7 Nxe7 19. Rb1 Qxa2 20. Ra1) 17... Qa3 18. Bd2 (18. Bc1 $11 {remains equal.} Qa4 19. Bg5) 18... Bf8 {[%mdl 32768] Accuracy: White = 37%, Black = 36%. . Loss on time!?} ({Better is} 18... Kb8 $17) 0-1

[Event "12th KIIT International 2019"]
[Site "Odisha"]
[Date "2019.06.01"]
[Round "2.5"]
[White "Petrosyan, Manuel"]
[Black "Vignesh N"]
[Result "1-0"]
[WhiteElo "2573"]
[BlackElo "1946"]
[Annotator "RC"]
[PlyCount "53"]
[EventDate "2019.01.18"]
[EventType "swiss"]
[EventCountry "IND"]
[SourceTitle "playchess.com"]
[Source "ChessBase"]
[SourceQuality "1"]
[TimeControl "5400+30"]

1. Nf3 Nf6 2. c4 c5 3. Nc3 Nc6 4. e3 e6 5. d4 d5 6. cxd5 exd5 7. Bb5 a6 8. Bxc6+ bxc6 9. O-O Bd6 10. h3 O-O 11. b3 Ne4 12. Bb2 Qf6 13. dxc5 Nxc5 14. Na4 Qg6 15. Nxc5 Bxh3 16. Nh4 Qg5 17. Ne4 Qxh4 18. Nxd6 Rad8 19. Qf3 Bg4 20. Qf4 Qh5 21. f3 Be6 22. Nb7 Rb8 23. Nc5 a5 24. Rac1 Rb4 25. Bd4 Qg6 26. Kf2 Re8 27. Qg3 1-0

[Event "12th KIIT International 2019"]
[Site "Odisha"]
[Date "2019.06.01"]
[Round "2.6"]
[White "Souradip Deb"]
[Black "Debashis, Das"]
[Result "1/2-1/2"]
[WhiteElo "1971"]
[BlackElo "2544"]
[Annotator "ChessBase"]
[PlyCount "61"]
[EventDate "2019.01.18"]
[EventType "swiss"]
[EventCountry "IND"]
[SourceTitle "playchess.com"]
[Source "ChessBase"]
[SourceQuality "1"]
[TimeControl "5400+30"]

1. Nf3 Nf6 2. g3 d5 3. Bg2 c6 4. O-O Bg4 5. d3 Nbd7 6. h3 Bh5 7. Nbd2 e5 8. e4 dxe4 9. dxe4 Bc5 10. Qe1 O-O 11. a4 a5 12. Nc4 Qc7 13. Bd2 b6 14. Nh4 Ne8 15. Kh1 f6 16. Nf5 Nd6 17. Ncxd6 Bxd6 18. f4 Bc5 19. g4 Bg6 20. g5 Rae8 21. Qg3 fxg5 22. fxg5 Rf7 23. h4 Rff8 24. Qg4 Bf7 25. b3 Bb4 26. Be3 Be6 27. Qg3 Bc5 28. Bd2 Bb4 29. Be3 Bc5 30. Bd2 Bb4 31. Be3 1/2-1/2

[Event "12th KIIT International 2019"]
[Site "Odisha"]
[Date "2019.06.01"]
[Round "2.7"]
[White "Burmakin, Vladimir"]
[Black "Sanskriti Goyal"]
[Result "1-0"]
[WhiteElo "2526"]
[BlackElo "1951"]
[Annotator "ChessBase"]
[PlyCount "147"]
[EventDate "2019.01.18"]
[EventType "swiss"]
[EventCountry "IND"]
[SourceTitle "playchess.com"]
[Source "ChessBase"]
[SourceQuality "1"]
[TimeControl "5400+30"]

1. Nf3 Nf6 2. g3 b6 3. Bg2 Bb7 4. O-O e6 5. c4 c5 6. Nc3 Be7 7. d4 cxd4 8. Qxd4 d6 9. Rd1 a6 10. Bg5 Nbd7 11. Rac1 h6 12. Be3 O-O 13. Qd2 Rc8 14. b3 Nc5 15. Bd4 Qc7 16. Qb2 Qb8 17. Nb1 b5 18. Nbd2 Rfd8 19. Bc3 Nce4 20. Ba5 Rf8 21. Nxe4 Nxe4 22. Nd4 Bf6 23. Qb1 Nc5 24. Bxb7 Qxb7 25. Nf3 Ne4 26. Qd3 bxc4 27. bxc4 Qc6 28. Nd4 Qa4 29. Be1 d5 30. f3 Nc5 31. Qc2 Qxc2 32. Rxc2 dxc4 33. Rxc4 Rfd8 34. Ba5 Rd7 35. Bb6 e5 36. Rxc5 Rxc5 37. Bxc5 exd4 38. Kf1 Rd5 39. Bb6 Rd6 40. Ba5 Rc6 41. Rd3 Rc1+ 42. Kf2 Rc2 43. Rd2 Rc4 44. f4 g5 45. Kf3 gxf4 46. gxf4 Kg7 47. Bb6 Kg6 48. Ke4 d3+ 49. Kxd3 Rxf4 50. e3 Ra4 51. Bd4 Bxd4 52. exd4 f5 53. d5 Kf6 54. Re2 Rb4 55. Re6+ Kg5 56. d6 Rb1 57. Kc4 Rd1 58. Kc5 f4 59. Re8 f3 60. Rf8 Kg4 61. Kc6 Rc1+ 62. Kb7 Rd1 63. Kc7 Rc1+ 64. Kd8 Rc2 65. d7 f2 66. Ke7 Re2+ 67. Kd6 Rd2+ 68. Kc6 Rc2+ 69. Kb6 Rd2 70. Rxf2 Rxd7 71. Kxa6 Rd1 72. Rb2 h5 73. a4 h4 74. a5 1-0

[Event "12th KIIT International 2019"]
[Site "Odisha"]
[Date "2019.06.01"]
[Round "2.8"]
[White "Adane, Narayani"]
[Black "Malakhatko, Vadim"]
[Result "1/2-1/2"]
[WhiteElo "1940"]
[BlackElo "2505"]
[Annotator "ChessBase"]
[PlyCount "44"]
[EventDate "2019.01.18"]
[EventType "swiss"]
[EventCountry "IND"]
[SourceTitle "playchess.com"]
[Source "ChessBase"]
[SourceQuality "1"]
[TimeControl "5400+30"]

1. e4 e6 2. d4 d5 3. Nc3 h6 4. exd5 exd5 5. Bd3 c6 6. Nge2 Nf6 7. Bf4 Be7 8. O-O Nbd7 9. Ng3 g6 10. Re1 Kf8 11. Qd2 h5 12. Bh6+ Kg8 13. Nf5 Bf8 14. Bxf8 Nxf8 15. Ne7+ Kg7 16. Nxc8 Rxc8 17. Ne2 h4 18. Nf4 Nh5 19. c3 Qf6 20. Nxh5+ Rxh5 21. Be2 Kh8 22. Bg4 Rc7 1/2-1/2

[Event "12th KIIT International 2019"]
[Site "Odisha"]
[Date "2019.06.01"]
[Round "2.10"]
[White "Samal Ansuman"]
[Black "Rahman, Ziaur"]
[Result "0-1"]
[WhiteElo "1939"]
[BlackElo "2481"]
[Annotator "ChessBase"]
[PlyCount "108"]
[EventDate "2019.01.18"]
[EventType "swiss"]
[EventCountry "IND"]
[SourceTitle "playchess.com"]
[Source "ChessBase"]
[SourceQuality "1"]
[TimeControl "5400+30"]

1. e4 {[%emt 0:08:17]} c5 2. Nc3 {[%emt 0:00:29]} a6 {[%emt 0:01:16]} 3. a4 Nc6 {[%emt 0:00:39]} 4. g3 {[%emt 0:03:34]} g6 5. Bg2 {[%emt 0:00:40]} Bg7 6. d3 {[%emt 0:01:43]} d6 7. f4 {[%emt 0:02:11]} Nf6 {[%emt 0:05:17]} 8. Nf3 {[%emt 0:00:58]} O-O {[%emt 0:00:30]} 9. O-O {[%emt 0:00:25]} Rb8 10. h3 {[%emt 0:06:44]} b5 {[%emt 0:02:45]} 11. axb5 {[%emt 0:01:34]} axb5 {[%emt 0:00:07]} 12. g4 {[%emt 0:13:40]} b4 {[%emt 0:01:22]} 13. Ne2 {[%emt 0:02:08]} Bb7 {[%emt 0:02:18]} 14. Ng3 {[%emt 0:08:00]} Qc7 {[%emt 0:06:09]} 15. Rb1 {[%emt 0:18:26]} Ra8 {[%emt 0:02:12]} 16. Qe1 {[%emt 0:11:37]} Nd7 {[%emt 0:03:20]} 17. Qf2 {[%emt 0:02:39]} Nf6 {[%emt 0:00:00]} 18. Qe1 {[%emt 0:00:00]} Nd7 {[%emt 0:01:00]} 19. Qf2 {[%emt 0:01:00]} Nf6 {[%emt 0:00:00]} 20. Qe1 {[%emt 0:00:00]} Nd7 {[%emt 0:01:00]} 21. Qf2 {[%emt 0:01:00]} Ra2 {[%emt 0:05:30]} 22. g5 {[%emt 0:01:24]} Ba6 {[%emt 0:01:21]} 23. Rd1 {[%emt 0:01:35]} Nd4 {[%emt 0:04:13]} 24. Nh2 {[%emt 0:06:40]} Nc6 {[%emt 0:00:00]} 25. Nf3 {[%emt 0:00:00]} Nd4 {[%emt 0:01:00]} 26. Nh2 {[%emt 0:01:00]} Bb5 {[%emt 0:04:35]} 27. Be3 {[%emt 0:01:25]} Ba4 {[%emt 0:04:33]} 28. Rd2 {[%emt 0:02:33]} b3 {[%emt 0:01:32]} 29. c3 {[%emt 0:00:22]} Nc2 {[%emt 0:00:12]} 30. f5 {[%emt 0:01:04]} Nxe3 {[%emt 0:05:11]} 31. Qxe3 {[%emt 0:00:10]} Ne5 {[%emt 0:00:34]} 32. Bf1 {[%emt 0:00:13]} Bb5 {[%emt 0:03:44]} 33. Rf2 {[%emt 0:02:33]} Ba4 {[%emt 0:00:00]} 34. Rd2 {[%emt 0:00:00]} Bb5 {[%emt 0:01:00]} 35. Rf2 {[%emt 0:01:00]} Rfa8 {[%emt 0:00:39]} 36. Be2 {[%emt 0:02:02]} Qa7 {[%emt 0:01:29]} 37. Kg2 {[%emt 0:00:28]} Qa6 {[%emt 0:03:02]} 38. c4 {[%emt 0:00:38]} Bd7 {[%emt 0:00:35]} 39. f6 {[%emt 0:00:07]} exf6 {[%emt 0:00:17]} 40. gxf6 {[%emt 0:00:11]} Bf8 {[%emt 0:00:19]} 41. Nf3 {[%emt 0:00:40]} Qc8 {[%emt 0:01:35]} 42. Ng1 {[%emt 0:01:10]} Qa6 {[%emt 0:00:00]} 43. Nf3 {[%emt 0:00:00]} Qc8 {[%emt 0:01:00]} 44. Ng1 {[%emt 0:01:00]} Ra1 {[%emt 0:05:14]} 45. Rff1 {[%emt 0:00:33]} Rxb1 {[%emt 0:00:41]} 46. Rxb1 {[%emt 0:00:02]} Nc6 {[%emt 0:00:54]} 47. Nf3 {[%emt 0:00:57]} Bxh3+ {[%emt 0:01:35]} 48. Kf2 {[%emt 0:00:27]} Ne5 {[%emt 0:01:39]} 49. Nxe5 {[%emt 0:00:27]} dxe5 {[%emt 0:00:05]} 50. Qg5 {[%emt 0:00:36]} Qd8 {[%emt 0:03:07]} 51. Qxe5 {[%emt 0:00:27]} Ra6 {[%emt 0:00:57]} 52. Ke1 {[%emt 0:00:38]} Rxf6 {[%emt 0:01:11]} 53. Qd5 {[%emt 0:00:30]} Qa5+ {[%emt 0:01:06]} 54. Kd1 {[%emt 0:00:07]} Bh6 {[%emt 0:00:15] Ke1 [%clk 0:00:33] Bf8+ [%clk 0:29:45] Kd1 [%clk 0:00:56] Bh6 [%clk 0:30:00] Ke1 [%clk 0:00:33] Bf8+ [%clk 0:29:45] Kd1 [%clk 0:00:56] Bh6 [%clk 0:30:00] Ke1 [%clk 0:00:33] Bf8+ [%clk 0:29:45] Kd1 [%clk 0:00:56] Bh6 [%clk 0:30:00] Ke1 [%clk 0:00:33] Bf8+ [%clk 0:29:45] Kd1 [%clk 0:00:56] Bh6 [%clk 0:30:00] Ke1 [%clk 0:00:33] Bf8+ [%clk 0:29:45] Kd1 [%clk 0:00:56] Bh6 [%clk 0:30:00] Ke1 [%clk 0:00:33] Bf8+ [%clk 0:29:45] Kd1 [%clk 0:00:56] Bh6 [%clk 0:30:00]} 0-1

[Event "12th KIIT International 2019"]
[Site "Odisha"]
[Date "2019.06.01"]
[Round "2.11"]
[White "Vasquez Schroeder, Rodrigo"]
[Black "Karthik Sai Ch"]
[Result "1-0"]
[WhiteElo "2476"]
[BlackElo "1963"]
[Annotator "ChessBase"]
[PlyCount "89"]
[EventDate "2019.01.18"]
[EventType "swiss"]
[EventCountry "IND"]
[SourceTitle "playchess.com"]
[Source "ChessBase"]
[SourceQuality "1"]
[TimeControl "5400+30"]

1. d4 {[%emt 0:00:00]} d5 {[%emt 0:00:00]} 2. c4 {[%emt 0:00:00]} c6 {[%emt 0:00:00]} 3. Nf3 {[%emt 0:00:00]} Nf6 {[%emt 0:00:00]} 4. Nc3 {[%emt 0:00:42]} e6 {[%emt 0:00:34]} 5. e3 {[%emt 0:01:12]} Nbd7 {[%emt 0:00:15]} 6. Bd3 {[%emt 0:00:31]} dxc4 {[%emt 0:00:08]} 7. Bxc4 {[%emt 0:00:06]} b5 {[%emt 0:00:07]} 8. Bd3 {[%emt 0:00:19]} Bd6 {[%emt 0:00:11]} 9. O-O {[%emt 0:00:19]} O-O {[%emt 0:00:06]} 10. a3 {[%emt 0:03:39]} a5 {[%emt 0:00:46]} 11. Qc2 {[%emt 0:01:40]} Bb7 {[%emt 0:05:15]} 12. Bd2 {[%emt 0:03:57]} Rc8 {[%emt 0:04:45]} 13. Rfc1 {[%emt 0:25:35]} b4 {[%emt 0:10:02]} 14. axb4 {[%emt 0:00:27]} axb4 {[%emt 0:00:12]} 15. Ne4 {[%emt 0:11:54]} Nxe4 {[%emt 0:04:19]} 16. Bxe4 {[%emt 0:01:37]} f5 {[%emt 0:03:43]} 17. Bd3 {[%emt 0:00:10]} c5 {[%emt 0:00:19]} 18. Qb3 {[%emt 0:00:32]} Rf6 {[%emt 0:12:53]} 19. Bc4 {[%emt 0:07:19]} Nf8 20. d5 {[%emt 0:00:30]} e5 21. e4 {[%emt 0:00:30]} f4 22. Ra7 {[%emt 0:00:30]} Rc7 23. Nxe5 {[%emt 0:00:30]} Qb8 24. Rxb7 {[%emt 0:00:30]} Qxb7 25. Ng4 {[%emt 0:00:30]} Rg6 26. e5 {[%emt 0:00:30]} Rxg4 27. exd6 {[%emt 0:00:30]} Rf7 28. Be2 {[%emt 0:00:30]} Rg6 29. Bh5 {[%emt 0:00:30]} Nd7 30. Bxg6 {[%emt 0:00:30]} hxg6 31. Re1 {[%emt 0:00:30]} Qb8 32. Re6 {[%emt 0:00:30]} Nf8 33. h4 {[%emt 0:00:30]} Qb5 34. Re4 {[%emt 0:00:30]} g5 35. hxg5 {[%emt 0:00:30]} Ra7 36. Bxf4 {[%emt 0:00:30]} Ra1+ 37. Kh2 {[%emt 0:00:30]} Qf1 38. Qf3 {[%emt 0:00:30]} Ng6 39. Be3 {[%emt 0:00:30]} Qh1+ 40. Kg3 {[%emt 0:00:30]} Ra7 41. Re8+ {[%emt 0:00:30]} Kh7 42. Qg4 {[%emt 0:00:30]} c4 43. Bxa7 {[%emt 0:00:30]} c3 44. b3 {[%emt 0:00:30]} c2 45. Be3 {[%emt 0:00:30]} 1-0

[Event "12th KIIT International 2019"]
[Site "Odisha"]
[Date "2019.06.01"]
[Round "2.12"]
[White "Rakshith Srinivasan"]
[Black "Nguyen, Van Huy"]
[Result "0-1"]
[WhiteElo "1935"]
[BlackElo "2456"]
[Annotator "ChessBase"]
[PlyCount "66"]
[EventDate "2019.01.18"]
[EventType "swiss"]
[EventCountry "IND"]
[SourceTitle "playchess.com"]
[Source "ChessBase"]
[SourceQuality "1"]
[TimeControl "5400+30"]

1. e4 {[%emt 0:00:00]} c6 {[%emt 0:00:00]} 2. d4 {[%emt 1:31:00]} d5 {[%emt 0:00:03]} 3. Nc3 {[%emt 0:00:00]} dxe4 {[%emt 0:00:36]} 4. Nxe4 {[%emt 0:00:00]} Bf5 {[%emt 0:00:06]} 5. Ng3 {[%emt 0:00:00]} Bg6 {[%emt 0:00:06]} 6. h4 {[%emt 0:00:00]} h6 {[%emt 0:00:16]} 7. Nf3 {[%emt 0:00:00]} Nd7 {[%emt 0:00:40]} 8. h5 {[%emt 0:00:00]} Bh7 {[%emt 0:00:05]} 9. Bd3 {[%emt 0:00:00]} Bxd3 {[%emt 0:00:30]} 10. Qxd3 {[%emt 0:00:00]} e6 {[%emt 0:00:05]} 11. Bd2 {[%emt 0:00:00]} Ngf6 {[%emt 0:00:35]} 12. O-O-O {[%emt 0:00:00]} Be7 {[%emt 0:00:06]} 13. Ne4 {[%emt 0:00:00]} Qb6 {[%emt 0:01:25]} 14. c4 {[%emt 0:00:00]} Nxe4 {[%emt 0:01:03]} 15. Qxe4 {[%emt 0:00:00]} Qa6 {[%emt 0:00:10]} 16. Ne5 {[%emt 0:00:00]} Qxa2 {[%emt 0:06:02]} 17. Qg4 {[%emt 0:00:00]} Bf6 {[%emt 0:07:39]} 18. Bc3 {[%emt 0:00:00]} Bxe5 {[%emt 0:03:43]} 19. dxe5 {[%emt 0:00:00]} O-O-O {[%emt 0:00:10]} 20. Qxg7 {[%emt 0:00:00]} Nc5 {[%emt 0:01:46]} 21. Qxf7 {[%emt 0:00:00]} Rdf8 {[%emt 0:05:18]} 22. Qg7 {[%emt 0:00:00]} Rhg8 {[%emt 0:02:21]} 23. Qh7 {[%emt 0:00:00]} Nb3+ {[%emt 0:02:27]} 24. Kc2 {[%emt 0:00:00]} Rxf2+ {[%emt 0:00:36]} 25. Rd2 {[%emt 0:00:00]} Rxd2+ {[%emt 0:01:02]} 26. Bxd2 Rxg2 {[%emt 0:00:30]} 27. Rd1 Nxd2 {[%emt 0:00:30]} 28. Qh8+ Kc7 {[%emt 0:00:30]} 29. Qh7+ Kb6 {[%emt 0:00:30]} 30. c5+ Ka5 {[%emt 0:00:30]} 31. Ra1 Qxa1 {[%emt 0:00:30]} 32. Qd3 Nc4+ {[%emt 0:00:30]} 33. Kb3 Qxb2+ {[%emt 0:00:30]} 0-1

[Event "12th KIIT International 2019"]
[Site "Odisha"]
[Date "2019.06.01"]
[Round "2.13"]
[White "Kostenko, Petr"]
[Black "Adarsh Tripathi"]
[Result "1-0"]
[WhiteElo "2473"]
[BlackElo "1954"]
[Annotator "TA"]
[PlyCount "81"]
[EventDate "2019.01.18"]
[EventType "swiss"]
[EventCountry "IND"]
[SourceTitle "playchess.com"]
[Source "ChessBase"]
[SourceQuality "1"]

{[%evp 9,81,10,27,-6,5,0,0,0,22,13,17,0,17,23,28,0,0,0,0,0,0,0,8,8,8,12,5,8,3,0,4,6,6,17,31,33,167,162,155,172,203,196,199,200,229,200,207,198,439,414,411,409,351,307,314,311,313,313,313,313,311,313,311,313,325,77,325,318,318,320,448,321,476,446]} 1. e4 c5 2. Nf3 d6 3. Bb5+ Bd7 4. Bxd7+ Qxd7 5. O-O Nc6 6. Qe2 {B52: Sicilian: Moscow Variation with 3...Bd7} (6. c3 Nf6 7. d4 cxd4 8. cxd4 d5 9. e5 Ng8 10. Nc3 e6 11. Ne2 Nge7 12. Ng3 h6 13. Nh5 Nf5 14. Bf4 O-O-O 15. Rc1 Kb8 16. Qd3 g5 17. Bd2 Qc7 18. g4 {1-0 (54) Nakamura,H (2746)-Adly,A (2626) St Petersburg 2018}) 6... e5 7. c3 g6 8. b4 {The position is equal.} cxb4 $146 ({Predecessor:} 8... Bg7 9. Bb2 Nge7 10. d4 exd4 11. cxd4 Nxd4 12. Nxd4 cxd4 13. Qd2 O-O 14. Bxd4 Bxd4 15. Qxd4 {1-0 (37) Grandelius,N (2593)-Andersen,A (2205) Norway 2012}) 9. cxb4 Bg7 10. Bb2 Nge7 11. b5 Nd4 12. Nxd4 (12. Bxd4 $5 exd4 13. Qd3 $11) 12... exd4 13. Qd3 d5 14. e5 Bxe5 15. Re1 Qc7 16. Bxd4 Bxd4 ({Much worse is} 16... Bxh2+ $6 17. Kh1 $16) 17. Qxd4 O-O 18. Nc3 Rfd8 19. Re5 Qd6 20. Rae1 $36 {[%mdl 2048] White is pushing.} Nf5 $1 {[%cal Rf5d4]} 21. Qd3 {[%cal Re5d5]} d4 22. Nd5 Rac8 (22... Ne3 $14 23. Ne7+ Kf8) 23. Rxf5 $1 $18 {[%mdl 64] Remove Defender, Decoy} gxf5 24. Ne7+ Qxe7 25. Rxe7 Rc1+ 26. Qf1 $1 {[%cal Rf1c1]} Rxf1+ 27. Kxf1 {[%mdl 4096] Endgame KR-KR} d3 28. Rxb7 Rc8 $2 (28... Rd4 29. Rxa7 Rb4) 29. g3 Rc2 30. Rxa7 {b6 is the strong threat.} Rxd2 31. Kg2 Rb2 32. a4 Rb4 33. Rd7 Rxa4 34. Rxd3 Rb4 35. Rd5 f4 36. g4 Rb3 {[#]} 37. Rd8+ $1 Kg7 {[#]} 38. Rb8 $1 h6 39. h4 Kh7 40. b6 Kg7 (40... f3+ {is a better defense.} 41. Kg3 Kg7) 41. f3 {Accuracy: White = 84%, Black = 49%.} 1-0

[Event "12th KIIT International 2019"]
[Site "Odisha"]
[Date "2019.06.01"]
[Round "2.14"]
[White "Avinash Ramesh"]
[Black "Laxman, R.R."]
[Result "0-1"]
[WhiteElo "1823"]
[BlackElo "2437"]
[Annotator "ChessBase"]
[PlyCount "48"]
[EventDate "2019.01.18"]
[EventType "swiss"]
[EventCountry "IND"]
[SourceTitle "playchess.com"]
[Source "ChessBase"]
[SourceQuality "1"]
[TimeControl "5400+30"]

1. e4 {[%emt 0:00:00]} e5 {[%emt 0:00:00]} 2. Nf3 {[%emt 0:00:00]} Nc6 {[%emt 0:00:00]} 3. Bc4 {[%emt 0:00:00]} Bc5 {[%emt 0:00:00]} 4. c3 {[%emt 0:00:00]} Nf6 {[%emt 0:00:00]} 5. d3 {[%emt 0:00:05]} a6 {[%emt 0:00:42]} 6. O-O {[%emt 0:02:07]} Ba7 {[%emt 0:00:34]} 7. Bb3 {[%emt 0:00:22]} O-O {[%emt 0:00:18]} 8. h3 {[%emt 0:07:10]} d5 {[%emt 0:01:13]} 9. Qe2 {[%emt 0:08:14]} Re8 {[%emt 0:05:27]} 10. Bg5 {[%emt 0:06:33]} dxe4 {[%emt 0:01:59]} 11. dxe4 {[%emt 0:01:49]} h6 {[%emt 0:00:57]} 12. Rd1 {[%emt 0:05:57]} Qe7 {[%emt 0:00:05]} 13. Be3 {[%emt 0:02:51]} Bxe3 {[%emt 0:00:47]} 14. Qxe3 {[%emt 0:00:07]} Na5 {[%emt 0:01:02]} 15. Bc2 {[%emt 0:05:22]} Nc4 {[%emt 0:00:18]} 16. Qc1 {[%emt 0:00:02]} Nd6 {[%emt 0:02:39]} 17. Qe3 {[%emt 0:03:01]} Nc4 {[%emt 0:02:10]} 18. Qc1 {[%emt 0:00:12]} Nh5 {[%emt 0:00:15]} 19. b3 {[%emt 0:05:36]} Nf4 {[%emt 0:03:26]} 20. Re1 {[%emt 0:01:10]} Bxh3 {[%emt 0:05:00]} 21. g3 {[%emt 0:10:51]} Qf6 {[%emt 0:00:36]} 22. Nxe5 {[%emt 0:16:14]} Nxe5 {[%emt 0:00:14]} 23. Qxf4 {[%emt 0:00:36]} Qxf4 {[%emt 0:00:11]} 24. gxf4 {[%emt 0:00:04]} Nf3+ {[%emt 0:00:03]} 0-1